Datum a čas kvízu
37.5
Celkem bodů
Celkový počet nahraných bodů na tomto kvízu bez doplňovacích otázek.
4.
Pořadí na kvízu
Konečné umístění týmu na tomto kvízu.
Zaznamenané odpovědi
| # | Otázka | Odpověď | Body | Výsledky |
|---|---|---|---|---|
| 1. | Poradní výbor Rady Evropy vyzv... | o slovenštinu | 0 | |
| 2. | Vydavatelství Oxford Universit... | C | 1 | |
| 3. | Kterou známou hollywoodskou he... | Julii Roberts | 1 | |
| 4. | Který asijský stát oznámil, že... | Čína | 1 | |
| 5. | Finiš dostihu v Otaki na Novém... | D) žokeje vyhodil ze sedla hlavou soupeřův kůň | 0 | |
| 6. | Jak jinak začít toto téma, než... | žlutý trpaslík | 0 | |
| 7. | Další otázku věnujme Zemi. Jed... | 6378 km | 0 | |
| 8. | Nyní se podíváme na planety, c... | Uran; Venuše | 0.5 | |
| 9. | Na řadě je rychlost planet. Co... | B | 0 | |
| 10. | Přiřaďte názvy těchto měsíců k... | 1C 2D 3A 4B | 0 |